书目信息 |
| 书名: | Palestine and the Arab-Israeli conflict | |
| 作者: | Charles D. Smith. | |
| 分册号: | ||
| 分册名: | 出版地: | New York : |
|
| 出版社: | St. Martin’s Press | |
| 出版时间: | c1992. | |
| 页数: | xiii, 343 p. : | |
| 开本: | 23 cm. | |
| 丛书名: | ||
| 中图分类号: | ||
| 科图分类号: | ||
| 其他分类号: | D815.4 | |
| 主题词: | ||
| 电子资源: | ||
| 000 | 01202pam a2200337 a 450 | |
| 001 | E0732138989 | |
| 005 | 20070509085637.29 | |
| 008 | 901012s1992 nyub b 001 0 eng | |
| 010 | @a90063551 | |
| 020 | @a0312049048 (pbk.). | |
| 020 | @a0312065574 (cloth). | |
| 035 | @A(DLC) 90063551 | |
| 040 | @aDLC@cDLC@dDLC | |
| 043 | @aa-is---@ama----- | |
| 050 | 00 | @aDS119.7@b.S618 1992 |
| 082 | 00 | @a956@2 20 |
| 090 | @aD815.4 | |
| 099 | @dD815.4@ex29=2 | |
| 100 | 1 | @aSmith, Charles D.,@d1936- |
| 245 | 10 | @aPalestine and the Arab-Israeli conflict / @cCharles D. Smith. |
| 250 | @a2nd ed. | |
| 260 | @aNew York :@bSt. Martin’s Press,@cc1992. | |
| 300 | @axiii, 343 p. :@bmaps ;@c23 cm. | |
| 504 | @aIncludes bibliographical references (p. [329]-331) and index. | |
| 650 | 0 | @aArab-Israeli conflict. |
| 651 | 0 | @aPalestine@xHistory@y20th century. |
| 906 | @a7@bcbc@corignew@d3@eopcn@f19@gy-gencatlg | |
| 922 | @aad | |
| 955 | @apn04 10-12-90;pc05 to bd00 06-25-91; bd40 to SCD 06-27-91; fd06 07-01-91; fp24 07-05-91; CIP ver. ba28 to SL 3-19-92 | |
| 991 | @bc-GenColl@hDS119.7@i.S618 1992@p00018685085@tCopy 2@wCCF | |
| 991 | @bc-GenColl@hDS119.7@i.S618 1992@tCopy 1@wBOOKS | |
| Palestine and the Arab-Israeli conflict / / Charles D. Smith.-2nd ed.-New York : : St. Martin’s Press, , c1992. |
| xiii, 343 p. : : maps ; ; 23 cm. |
| Includes bibliographical references (p. [329]-331) and index. |
| ISBN 0312049048 (pbk.). |
| ● |
| 相关链接 |
|
|
|
|
正题名:Palestine and the Arab-Israeli conflict
索取号:D815.4/x29=2
 
预约/预借
| 序号 | 登录号 | 条形码 | 馆藏地/架位号 | 状态 | 备注 |
| 1 | 7665 | 300076655 | 第二样本阅览室/ [索取号:D815.4/x29=2] | 在馆 |